000 02665cam a22004574i 4500
003 PE-LiUPU
005 20250731165443.0
008 160915s2016 pe a grm 000 0 spa d
035 _a(Sirsi) a163504
040 _aPE-LiUPU
_bspa
_cPE-LiUPU
_erda
099 _aTEF 2
_bP26 2016
100 1 _aPariona Anaya, Catelin Marlene,
_eautor
245 1 _aConocimientos, actitudes y prácticas sobre inmunizaciones que poseen las madres de niños menores de cinco años que asisten al Hospital de Huaycán, 2015 /
_cCatelin Marlene Pariona Anaya.
264 0 _c2016.
300 _a85 hojas :
_bilustraciones;
_c30 cm
336 _atext
_2rdacontent
337 _aunmediated
_2rdamedia
338 _avolume
_2rdacarrier
502 _aTesis
_b(Lic.) --
_cUniversidad Peruana Unión,
_d2016.
504 _aIncluye referencias
520 3 _aEl objetivo general del presente trabajo fue describir el nivel de conocimientos, actitudes y prácticas sobre inmunizaciones que poseen las madres de niños menores de 5 años que asisten al Hospital del Huaycán, 2015. Estudio de diseño no experimental, de enfoque cuantitativo, de corte transversal y de tipo descriptivo. La muestra estuvo conformada por 218 participantes. El tipo de muestreo que se utilizó fue probabilístico de tipo aleatorio simple. El instrumento utilizado fue un cuestionario sobre conocimientos, actitudes y prácticas con criterios de validez y confiabilidad. Se identificó que el 6,38% (n=139) de las madres evidenciaron un nivel de conocimiento deficiente, mientras que el 36,2% (79%) es regular, también se mostró que ninguna madre llegó a la calificación buena; en cuanto al nivel de actitud que tienen las madres el 88,1% (n=192) obtuvo una actitud favorable, mientras que un 11,9% (n=26) tuvo una actitud desfavorable. En el nivel de prácticas las madres mostraron el 61,1% ( n=133) un nivel de prácticas deficiente, mientras que las prácticas eficientes representan el 39% (n=85). Se establece que el nivel de conocimiento de las madres es deficiente, el nivel de actitud favorable y el nivel de prácticas deficiente.
526 _aSEG44
526 _aSEG26
526 _aP151
526 _aP150
526 _aP149
526 _aP146
526 _aP145
526 _aP126
526 _aP125
526 _aP92
526 _aP75
526 _aP74
526 _aP27
526 _aP15
650 0 4 _aMadres
_xInmunización
650 0 4 _aInmunización
596 _a1
942 _2ddc
_cTESIS
999 _aTEF 2 P26 2016
_wALPHANUM
_c12380
_iT02014
_lCCODEBUL3
_mBUL
_r1
_sY
_tTESIS
_u2016-9-15
_xSALUD
_PP22
_o.STAFF. Tesis
_d12380
980 _81
_gALBERTO SANCHEZ Responsable de Automatización